Online
Catalog

Creación última : (Record no. 2722)

MARC details
000 -CABECERA
campo de control de longitud fija 00711cam a2200193 a 4500
001 - NÚMERO DE CONTROL
campo de control 000002888
005 - FECHA Y HORA DE LA ÚLTIMA TRANSACCIÓN
campo de control 20200929150258.0
008 - DATOS DE LONGITUD FIJA--INFORMACIÓN GENERAL
campo de control de longitud fija 890328s1988 pr 000 p spa
040 ## - FUENTE DE LA CATALOGACIÓN
Centro catalogador/agencia de origen DO-SdBNP
Centro/agencia transcriptor DLC
Centro/agencia modificador DLC
082 ## - NÚMERO DE LA CLASIFICACIÓN DECIMAL DEWEY
Número de clasificación PR861.4
Número de documento/Ítem J64c
100 1# - ENTRADA PRINCIPAL--NOMBRE DE PERSONA
Nombre de persona Joglar Chacho, Manuel,
Fechas asociadas al nombre 1898-
9 (RLIN) 9176
245 10 - MENCIÓN DE TÍTULO
Título Creación última :
Resto del título Oda a un alfarero. La morada del hombre. Creación última /
Mención de responsabilidad, etc. Manuel Joglar Chacho; prólogo, Manuel de la Puebla.
260 ## - PUBLICACIÓN, DISTRIBUCIÓN, ETC.
Lugar de publicación, distribución, etc. San Juan, Puerto Rico :
Nombre del editor, distribuidor, etc. Mairena,
Fecha de publicación, distribución, etc. 1988.
300 ## - DESCRIPCIÓN FÍSICA
Extensión xii, 93 p. ;
Dimensiones 22 cm.
650 #4 - PUNTO DE ACCESO ADICIONAL DE MATERIA--TÉRMINO DE MATERIA
Término de materia o nombre geográfico como elemento de entrada Poesía puertorriqueña
9 (RLIN) 1015
650 #4 - PUNTO DE ACCESO ADICIONAL DE MATERIA--TÉRMINO DE MATERIA
Término de materia o nombre geográfico como elemento de entrada Literatura puertorriqueña
9 (RLIN) 250
700 1# - PUNTO DE ACCESO ADICIONAL--NOMBRE DE PERSONA
Nombre de persona Puebla, Manuel de la,
Término indicativo de función/relación pról.
9 (RLIN) 8725
910 ## - DATOS DE OPCIÓN DEL USUARIO (OCLC)
Datos de opción del usuario Catalogación por copia / LC
Holdings
Estado de retiro Estado de pérdida Restricciones de uso No para préstamo Código de colección Localización permanente Ubicación/localización actual Ubicación en estantería Fecha de adquisición Número de inventario Total de préstamos Signatura topográfica completa Código de barras Fecha visto por última vez Precio válido a partir de Tipo de ítem Koha
    Préstamo interno   Monografías: Libros y Folletos General General En catalogación 04.07.2009 LF1   PR861.4 J64c 2888-10 25.06.2020 25.06.2020 Préstamo interno

Powered by Koha